Hydraulics
Uloženo v:
| Hlavní autor: | |
|---|---|
| Další autoři: | |
| Médium: | Kniha |
| Jazyk: | English |
| Vydáno: |
New York and London McGraw-Hill book company, inc.
1934
|
| Vydání: | 2 |
| Témata: | |
| Tagy: |
Přidat tag
Žádné tagy, Buďte první, kdo vytvoří štítek k tomuto záznamu!
|
MARC
| LEADER | 00000nam a2200000Ia 4500 | ||
|---|---|---|---|
| 003 | 001806 | ||
| 005 | 20230815102937.0 | ||
| 008 | 140116s1934 nyua 000 ||eng d | ||
| 040 | |c cru CEDI | ||
| 100 | |a Schoder, Ernest William, 1879- |9 20785 | ||
| 245 | |a Hydraulics | ||
| 250 | |a 2 | ||
| 260 | |c 1934 |a New York and London McGraw-Hill book company, inc. | ||
| 650 | |x HIDRAULICA |9 20786 | ||
| 700 | |9 20784 |a Dawson, Francis Murray, 1889 | ||
| 942 | |2 ddc |c CEDI |h 627 S385h |6 627_000000000000000_S385H | ||
| 999 | |c 13261 |d 13261 | ||
